[Event "Omsk-ch sf op"]
[Site "Omsk"]
[Date "2007.12.09"]
[Round "8"]
[White "Bakal, Victor"]
[Black "Kolobova, Darja"]
[Result "0-1"]
[WhiteElo "1999"]
[BlackElo "1955"]
[PlyCount "50"]
[EventDate "2007.12.01"]
[EventType "swiss"]
[EventRounds "9"]
[EventCountry "RUS"]
[SourceTitle "EXT 2022"]
[Source "ChessBase"]
[SourceDate "2021.10.06"]
[SourceVersion "1"]
[SourceVersionDate "2021.10.06"]
[SourceQuality "1"]

1. d4 Nf6 2. Bg5 d6 3. Nc3 g6 4. e4 Bg7 5. f4 0-0 6. e5 Ng4 7. Qf3 c5 8. dxc5 dxe5 9. h3 e4 10. Nxe4 Qa5+ 11. c3 Nf6 12. Nd2 Qxc5 13. 0-0-0 Be6 14. Nb3 Qb6 15. Kc2 Nc6 16. g4 Rac8 17. Bxf6 Bxf6 18. Ne2 Nb4+ 19. Kb1 Nxa2 20. Nbd4 Nxc3+ 21. Nxc3 Bxd4 22. Rc1 Qb3 23. f5 Bxc3 24. Rxc3 Qa2+ 25. Kc1 Bd5 0-1

[Event "Omsk-ch sf op"]
[Site "Omsk"]
[Date "2007.12.06"]
[Round "5"]
[White "Mikhailovsky, Viktor"]
[Black "Bakal, Victor"]
[Result "0-1"]
[WhiteElo "2052"]
[BlackElo "1999"]
[PlyCount "48"]
[EventDate "2007.12.01"]
[EventType "swiss"]
[EventRounds "9"]
[EventCountry "RUS"]
[SourceTitle "EXT 2022"]
[Source "ChessBase"]
[SourceDate "2021.10.06"]
[SourceVersion "1"]
[SourceVersionDate "2021.10.06"]
[SourceQuality "1"]

1. c4 f5 2. d4 Nf6 3. Nf3 g6 4. Nc3 Bg7 5. Qc2 0-0 6. e3 d6 7. b4 Qe8 8. Bd3 e5 9. dxe5 dxe5 10. e4 Nc6 11. Qb1 Nd4 12. 0-0 Nxf3+ 13. gxf3 f4 14. Rd1 g5 15. Nd5 Qh5 16. Be2 g4 17. Qd3 gxf3 18. Bxf3 Ng4 19. Qe2 Qxh2+ 20. Kf1 Be6 21. Rd3 c6 22. Ke1 cxd5 23. cxd5 Bd7 24. Bb2 Qh4 0-1